000 01767cam a22004694i 4500
003 PE-LiUPU
005 20250731173113.0
008 190103s2018 tnu r 001 0 eng
020 _a1501842676
020 _a9781501842672
035 _a(Sirsi) a251278
049 _aPRUA
082 0 4 _a261
_bR56
_223
100 1 _aRieger, Joerg,
_eautor.
245 1 0 _aJesus vs. Caesar :
_bfor people tired of serving the wrong God /
_cJoerg Rieger.
264 1 _aNashville :
_bAbingdon Press,
_c2018.
300 _axiv, 149 páginas ;
_c23 centímetros
336 _atext
_2rdacontent
337 _aunmediated
_2rdamedia
338 _avolume
_2rdacarrier
504 _aÍndice: páginas 147-149.
505 0 _aChristians as atheists? : On the heart of Christianity -- Give to Caesar what is Caesar's and to God what is God's : On Religion and Politics -- The materialism of religion : on religion and things that matter -- God vs. Mammon : on religion and economics -- The way, the truth and the life? : on interreligious and other dialogues.
526 _aSEG42
526 _aSEG41
526 _aSEG40
526 _aSEG39
526 _aP94
526 _aP87
526 _aP86
526 _aP85
526 _aP77
526 _aP76
526 _aP35
650 0 0 _aEl cristianismo y otras religiones.
650 0 7 _aEl cristianismo y la política.
910 _adbm
_bsag
_csag
_d20190103
942 _2ddc
_cBOOK
994 _aC0
_bPEPRU
596 _a1
999 _a261 R56
_wDEWEY
_c30700
_i79447
_f2021-11-10
_g3
_lCCODEBUL1
_mBUL
_p11.99
_r0
_sY
_tBOOK
_u2019-1-3
_xTEOLOGIA
_PP85
_0DONACION
_o.STAFF. Colección Teología
_d30700
980 _81
_gALBERTO SANCHEZ Responsable de Automatización